000 00873cam a2200289 i 4500
942 _cBK
999 _c497
_d497
001 18606987
003 OSt
005 20250420134813.0
008 150506s2016 ne a b 001 0 eng
010 _a 2015940647
020 _a9780128008843
040 _aDLC
_beng
_erda
_cKCST
042 _apcc
050 0 0 _aT50
_b.M644 2016
082 0 0 _a681
_223
_bMo Me
100 1 _aMorris, Alan S.,
_d1948-
_eauthor.
_94705
245 1 0 _aMeasurement and instrumentation :
_btheory and application /
_cAlan S. Morris, Reza Langari.
250 _aSecond edition.
260 _aBoston :
_bElsevier, AP,
_c2016.
300 _axxi, 703 pages :
_billustrations ;
_c24 cm
504 _aIncludes bibliographical references and index.
650 0 _aMeasurement.
_9898
650 0 _aMeasuring instruments.
_94706
700 1 _aLangari, Reza,
_eauthor.
_94707
942 _2ddc